000
00285nam a2200109Ia 4500
008
201216s9999 xx 000 0 und d
100
_a
Gillmer, Thomas C. ; Johnson, Bruce
245
0
_a
Introduction To Naval Architecture
260
_a
London
_b
E & F N Spon
300
_a
324
942
_c
BK
999
_c
6303
_d
6303